000
00248nmm a2200085Ia 4500
008
220120s9999||||xx |||||||||||||||||und||
100
_a
Open source for you
245
0
_a
O magei, a 6.1, arch linux , developers
260
_a
Coorg Institute of Technology
999
_c
140095
_d
140095